Intergovernmental advocates of refugees <the> refugee policy of the League of Nations and the International Labour Organization in the 1920s and 1930s

Na minha lista:
Detalhes bibliográficos
Autor principal: Sallinen, Harri
Formato: Livro
Idioma:inglês
Publicado em: Saarbrücken LAP LAMBERT Academic Publishing 2014
Assuntos:
Tags: Adicionar Tag
Sem tags, seja o primeiro a adicionar uma tag!

MARC

LEADER 00000nam a2200000 4500
001 0222378
005 20240314103450.7
020 |a 978-3-659-51981-9 
041 0 |a eng 
044 |a DE 
245 1 0 |a Intergovernmental advocates of refugees  |b <the> refugee policy of the League of Nations and the International Labour Organization in the 1920s and 1930s  |c Harri Sallinen 
264 1 |a Saarbrücken  |b LAP LAMBERT Academic Publishing  |c 2014 
300 |a 486 s. 
610 2 0 |a utečenci 
610 2 0 |a politika migračná 
610 2 0 |a migrácia 
610 2 0 |a pomoc humanitárna 
100 1 |a Sallinen, Harri